| 000 | 00706nmc a2200265 a 4500 | ||
|---|---|---|---|
| 003 | AR-BaBNM | ||
| 005 | 20251128211540.0 | ||
| 008 | 184120s1997 ||||||||||||||000 | spa|| | ||
| 020 | _a987-9069-76-5 | ||
| 040 | _cAR-BaBNM | ||
| 245 | 1 | 0 | _aHistorias de la biblia |
| 260 |
_aBuenos Aires _bGramón-Colihue _c1997 |
||
| 300 |
_a247 p. _bil. |
||
| 490 | 0 | _aLa mar de cuentos | |
| 650 | 4 | _aLITERATURA INFANTIL | |
| 650 | 4 | _aHISTORIA DE LAS RELIGIONES | |
| 650 | 4 | _aCUENTOS DE AVENTURAS | |
| 650 | 4 | _aCRISTIANISMO | |
| 653 | _aADAPTACIONES LITERARIAS | ||
| 655 | _aLITERATURA | ||
| 700 | 1 |
_aRojas, Oscar _eilustrador |
|
| 700 | 1 |
_aMontes, Graciela _eadaptador |
|
| 942 | _cBK | ||
| 998 | _cEugenia | ||
| 999 |
_c20137 _d20137 |
||